LEADER 00918nam0-2200325---450- 001 990008874330403321 005 20090708093415.0 035 $a000887433 035 $aFED01000887433 035 $a(Aleph)000887433FED01 035 $a000887433 100 $a20090708d1968----km-y0itay50------ba 101 0 $arum$aita 102 $aRO 105 $ay-------001gy 200 1 $aPoezii$fEugenio Montale$gtraducere ?i prefa?a de Drago? Vranceanu 210 $aBucure?ti$cEditura pentru literatura universala$d1968 215 $a215 p.$c1 ritr$d16 cm 225 1 $aPoesis 300 $aTesto orig. a fronte 676 $a851.914$v19$zita 700 1$aMontale,$bEugenio$f<1896-1981>$0154362 702 1$aVranceanu,$bDragos 801 0$aIT$bUNINA$gRICA$2UNIMARC 901 $aBK 912 $a990008874330403321 952 $aBIB. BAT. 7326$b15552$fBAT 959 $aBAT 996 $aPoezii$9803168 997 $aUNINA LEADER 01228nas 2200409- 450 001 9910305559703321 005 20201126020259.0 035 $a(OCoLC)794342953 035 $a(CKB)3800000000152106 035 $a(CONSER)--2018268507 100 $a20080128a200u9999 --- a 101 0 $aeng 135 $aurmn||||a|||| 181 $ctxt$2rdacontent 182 $cc$2rdamedia 183 $acr$2rdacarrier 200 00$aAotearoa New Zealand social work 210 1$aChristchurch, N.Z. :$cAotearoa New Zealand Association of Social Workers,$d[2007-] 215 $a1 online resource 300 $aRefereed/Peer-reviewed 311 $a2463-4131 311 $a1178-5527 606 $aSocial service$zNew Zealand$vPeriodicals 606 $aSocial service$2fast$3(OCoLC)fst01123192 606 $aMoheni$2reo 607 $aNew Zealand$2fast 608 $aPeriodicals.$2fast 608 $aElectronic journals. 615 0$aSocial service 615 7$aSocial service. 615 7$aMoheni. 676 $a361.2099305 712 02$aAotearoa New Zealand Association of Social Workers, 906 $aJOURNAL 912 $a9910305559703321 996 $aAotearoa New Zealand social work$92034060 997 $aUNINA